Normal view
MARC view
Entry Topical Term
001 - CONTROL NUMBER
- control field: 38011
003 - CONTROL NUMBER IDENTIFIER
- control field:
005 - DATE AND TIME OF LATEST TRANSACTION
- control field: 20240408104902.0
008 - FIXED-LENGTH DATA ELEMENTS
- fixed length control field: 240408|| aca||aabn | a|a d
040 ## - CATALOGING SOURCE
- Original cataloging agency:
- Transcribing agency:
150 ## - HEADING--TOPICAL TERM
- Topical term or geographic name entry element: Akanbi, M.M.A., 1932-
670 ## - SOURCE DATA FOUND
- Source citation: Work cat.: ()18999: AKANBI, M.M.A. 38010, The story of my worlds, challenges, experiences and achievement:, 2014.
